Wszystkie miasta w Kanadzie na mapie - Statystyki

Ogólne statystyki
  • Ten quiz został rozwiązany 14 razy
  • Średni wynik to 6 z 164
Odpowiedzi na mapie
Odpowiedzi zakodowano w zielono-czerwonej skali na mapie do tego quizu, zgodnie z poniższymi procentami.
 
Statystyki odpowiedzi
Prowincja Populacja Miasta % Poprawnych
ON 934 tys. Ottawa
100%
ON 2,73 mln Toronto
100%
BC 631 tys. Vancouver
92%
AB 1,26 mln Calgary
50%
AB 972 tys. Edmonton
42%
MB 705 tys. Winnipeg
33%
ON 383 tys. London
17%
SK 215 tys. Regina
17%
NB 67,5 tys. Saint John
17%
SK 246 tys. Saskatoon
17%
BC 85,7 tys. Victoria
17%
YT 25,0 tys. Whitehorse
17%
NT 19,1 tys. Yellowknife
17%
PE 36,0 tys. Charlottetown
8%
ON 536 tys. Hamilton
8%
NB 71,8 tys. Moncton
8%
ON 88,0 tys. Niagara Falls
8%
NL 108 tys. St. John's
8%
BC 141 tys. Abbotsford
0%
AB 70,5 tys. Airdrie
0%
BC 5,1 tys. Armstrong
0%
ON 141 tys. Barrie
0%
NB 11,8 tys. Bathurst
0%
AB 18,8 tys. Beaumont
0%
ON 50,7 tys. Belleville
0%
ON 593 tys. Brampton
0%
MB 48,8 tys. Brandon
0%
ON 36,7 tys. Brant
0%
ON 97,4 tys. Brantford
0%
ON 21,3 tys. Brockville
0%
AB 14,4 tys. Brooks
0%
ON 183 tys. Burlington
0%
BC 232 tys. Burnaby
0%
ON 129 tys. Cambridge
0%
BC 32,5 tys. Campbell River
0%
NB 6,8 tys. Campbellton
0%
AB 18,0 tys. Camrose
0%
BC 8,0 tys. Castlegar
0%
AB 20,7 tys. Chestermere
0%
BC 83,7 tys. Chilliwack
0%
ON 24,5 tys. Clarence-Rockland
0%
AB 15,7 tys. Cold Lake
0%
BC 16,8 tys. Colwood
0%
BC 139 tys. Coquitlam
0%
NL 19,8 tys. Corner Brook
0%
ON 46,5 tys. Cornwall
0%
BC 25,5 tys. Courtenay
0%
BC 20,0 tys. Cranbrook
0%
MB 8,3 tys. Dauphin
0%
BC 12,1 tys. Dawson Creek
0%
BC 102 tys. Delta
0%
NB 25,3 tys. Dieppe
0%
ON 7,7 tys. Dryden
0%
BC 4,9 tys. Duncan
0%
NB 16,5 tys. Edmundston
0%
ON 10,7 tys. Elliot Lake
0%
BC 2,9 tys. Enderby
0%
SK 11,4 tys. Estevan
0%
BC 5,2 tys. Fernie
0%
MB 4,9 tys. Flin Flon
0%
AB 26,3 tys. Fort Saskatchewan
0%
BC 20,1 tys. Fort St. John
0%
NB 58,2 tys. Fredericton
0%
AB 69,0 tys. Grande Prairie
0%
BC 4,0 tys. Grand Forks
0%
ON 161 tys. Greater Sudbury
0%
BC 665 Greenwood
0%
ON 131 tys. Guelph
0%
ON 45,6 tys. Haldimand County
0%
SK 5,8 tys. Humboldt
0%
NU 7,7 tys. Iqaluit
0%
BC 90,2 tys. Kamloops
0%
ON 75,4 tys. Kawartha Lakes
0%
BC 127 tys. Kelowna
0%
ON 15,0 tys. Kenora
0%
BC 7,4 tys. Kimberley
0%
ON 123 tys. Kingston
0%
ON 233 tys. Kitchener
0%
AB 13,0 tys. Lacombe
0%
BC 35,3 tys. Langford
0%
BC 25,8 tys. Langley
0%
AB 32,4 tys. Leduc
0%
AB 101 tys. Lethbridge
0%
AB 19,7 tys. Lloydminster
0%
BC 82,2 tys. Maple Ridge
0%
ON 328 tys. Markham
0%
SK 9,6 tys. Martensville
0%
SK 5,3 tys. Meadow Lake
0%
AB 63,9 tys. Medicine Hat
0%
SK 5,9 tys. Melfort
0%
SK 4,5 tys. Melville
0%
BC 7,1 tys. Merritt
0%
NB 17,5 tys. Miramichi
0%
ON 721 tys. Mississauga
0%
SK 33,8 tys. Moose Jaw
0%
MB 8,6 tys. Morden
0%
NL 23,1 tys. Mount Pearl
0%
BC 90,5 tys. Nanaimo
0%
BC 10,5 tys. Nelson
0%
BC 70,9 tys. New Westminster
0%
ON 64,0 tys. Norfolk County
0%
SK 14,3 tys. North Battleford
0%
ON 51,5 tys. North Bay
0%
BC 52,8 tys. North Vancouver
0%
ON 31,1 tys. Orillia
0%
ON 159 tys. Oshawa
0%
ON 21,3 tys. Owen Sound
0%
BC 12,5 tys. Parksville
0%
ON 13,8 tys. Pembroke
0%
BC 33,7 tys. Penticton
0%
ON 81,0 tys. Peterborough
0%
ON 91,7 tys. Pickering
0%
BC 18,5 tys. Pitt Meadows
0%
MB 13,3 tys. Portage la Prairie
0%
BC 17,6 tys. Port Alberni
0%
ON 18,3 tys. Port Colborne
0%
BC 58,6 tys. Port Coquitlam
0%
BC 33,5 tys. Port Moody
0%
BC 13,1 tys. Powell River
0%
SK 35,9 tys. Prince Albert
0%
ON 24,7 tys. Prince Edward County
0%
BC 74,0 tys. Prince George
0%
BC 12,2 tys. Prince Rupert
0%
BC 9,8 tys. Quesnel
0%
ON 43,5 tys. Quinte West
0%
AB 101 tys. Red Deer
0%
BC 7,5 tys. Revelstoke
0%
BC 198 tys. Richmond
0%
ON 195 tys. Richmond Hill
0%
BC 3,7 tys. Rossland
0%
BC 17,7 tys. Salmon Arm
0%
ON 71,5 tys. Sarnia
0%
ON 73,3 tys. Sault Ste. Marie
0%
MB 10,2 tys. Selkirk
0%
AB 35,7 tys. Spruce Grove
0%
AB 66,0 tys. St. Albert
0%
ON 133 tys. St. Catharines
0%
MB 15,8 tys. Steinbach
0%
ON 31,4 tys. Stratford
0%
ON 38,9 tys. St. Thomas
0%
PE 14,8 tys. Summerside
0%
BC 517 tys. Surrey
0%
SK 16,6 tys. Swift Current
0%
ON 9,9 tys. Temiskaming Shores
0%
BC 11,6 tys. Terrace
0%
MB 13,6 tys. Thompson
0%
ON 18,8 tys. Thorold
0%
ON 107 tys. Thunder Bay
0%
ON 41,7 tys. Timmins
0%
BC 7,7 tys. Trail
0%
ON 306 tys. Vaughan
0%
BC 40,1 tys. Vernon
0%
SK 11,0 tys. Warman
0%
ON 104 tys. Waterloo
0%
ON 52,2 tys. Welland
0%
BC 32,6 tys. West Kelowna
0%
AB 12,6 tys. Wetaskiwin
0%
SK 10,8 tys. Weyburn
0%
BC 19,9 tys. White Rock
0%
BC 10,7 tys. Williams Lake
0%
ON 217 tys. Windsor
0%
MB 12,6 tys. Winkler
0%
ON 40,9 tys. Woodstock
0%
SK 16,3 tys. Yorkton
0%
Nie znaleziono quizów pasujących do podanych kryteriów
Rozkład punktacji
Procent ludzi z każdym wynikiem
Percentyl według liczby udzielonych odpowiedzi
Twoja historia wyników
Nie rozwiązałeś tego quizu